[Event "Delmenhorster SK-Schachzwerge Magd."]
[Site "?"]
[Date "2020.09.12"]
[Round "6.1"]
[White "Zeuner, Ole"]
[Black "Pahl, Erik"]
[Result "0-1"]
[WhiteElo "1854"]
[BlackElo "2097"]
[PlyCount "118"]
[EventDate "2020.??.??"]
[WhiteTeam "Schachzwerge Magd."]
[BlackTeam "Delmenhorster SK"]

1. e4 c5 2. Nf3 d6 3. d4 cxd4 4. Nxd4 Nf6 5. Nc3 Bd7 6. Bg5 e6 7. Ndb5 Bxb5 8.
Bxb5+ Nc6 9. O-O Be7 10. Be3 Qc7 11. f4 O-O 12. Qf3 Rfd8 13. Rad1 a6 14. Be2 b5
15. Qf2 Rab8 16. f5 Ne5 17. a3 Neg4 18. Bxg4 Nxg4 19. Qg3 Nxe3 20. Qxe3 d5 21.
Kh1 Qe5 22. Qf3 dxe4 23. Qxe4 Qxe4 24. Nxe4 exf5 25. Ng3 Bf6 26. c3 g6 27. Ne2
Kg7 28. Kg1 a5 29. Nd4 Rb6 30. Nb3 Rxd1 31. Rxd1 b4 32. Nxa5 bxc3 33. bxc3 Bxc3
34. Nc4 Rc6 35. Ne3 Ra6 36. Nc2 Bb2 37. Rd3 Rc6 38. Nb4 Rc4 39. Kf2 Bxa3 40.
Nd5 Bc5+ 41. Kf3 g5 42. h3 Kg6 43. Rc3 Rxc3+ 44. Nxc3 h5 45. Nd5 g4+ 46. Kf4
Bd6+ 47. Ke3 Kg5 48. Kf2 Kh4 49. hxg4 fxg4 50. Nf6 Bg3+ 51. Kf1 Be5 52. Nd5 f5
53. Ne7 Kg5 54. Kf2 Bd4+ 55. Ke2 f4 56. Nd5 h4 57. Kf1 g3 58. Nb4 h3 59. gxh3
f3 0-1

[Event "Delmenhorster SK-Schachzwerge Magd."]
[Site "?"]
[Date "2020.09.12"]
[Round "6.2"]
[White "Pahl, Theis"]
[Black "Stockmann, Till"]
[Result "0-1"]
[WhiteElo "2012"]
[BlackElo "1981"]
[PlyCount "86"]
[EventDate "2020.??.??"]
[WhiteTeam "Delmenhorster SK"]
[BlackTeam "Schachzwerge Magd."]

1. e4 c5 2. Nf3 e6 3. d4 cxd4 4. Nxd4 a6 5. Bd3 g6 6. O-O Bg7 7. Nf3 Ne7 8. c4
Qc7 9. Nc3 O-O 10. Be3 d6 11. Qd2 Rd8 12. Rac1 Nd7 13. Rfd1 b6 14. Bb1 Bf8 15.
Bf4 e5 16. Bg5 f6 17. Be3 Nc6 18. Nd5 Qb7 19. b4 a5 20. a3 axb4 21. axb4 Ne7
22. Nc3 Nb8 23. Nb5 Nec6 24. Bc2 Be6 25. Qc3 Na6 26. Rb1 Naxb4 27. Rxb4 Nxb4
28. Qxb4 d5 29. Qb2 d4 30. Nbxd4 exd4 31. Bxd4 Bxc4 32. Rb1 b5 33. Bxf6 Bg7 34.
Bb3 Qf7 35. Bxg7 Qxg7 36. Ne5 Rac8 37. Ra1 Rc5 38. f4 g5 39. Bxc4+ bxc4 40. Qb6
Rc7 41. Qe3 Kh8 42. Rf1 c3 43. fxg5 c2 0-1

[Event "Delmenhorster SK-Schachzwerge Magd."]
[Site "?"]
[Date "2020.09.12"]
[Round "6.3"]
[White "Morgenstern, Tobias"]
[Black "Alhamid, Mohamad"]
[Result "0-1"]
[WhiteElo "1922"]
[BlackElo "1796"]
[PlyCount "100"]
[EventDate "2020.??.??"]
[WhiteTeam "Schachzwerge Magd."]
[BlackTeam "Delmenhorster SK"]

1. e4 d5 2. exd5 Qxd5 3. Nc3 Qa5 4. d4 Nf6 5. Nf3 Nc6 6. Bc4 Bg4 7. O-O Qh5 8.
Be2 O-O-O 9. Be3 e5 10. h3 exd4 11. Nxd4 Bxe2 12. Ncxe2 Nxd4 13. Nxd4 Qe5 14.
c3 Bd6 15. Nf3 Qh5 16. Qa4 a6 17. c4 Ne4 18. b4 Nc3 19. Qc2 Bxb4 20. Bd4 Rxd4
21. Nxd4 Qc5 22. Qf5+ Qxf5 23. Nxf5 g6 24. Ne3 c6 25. a3 Ba5 26. c5 Ne4 27. Nc4
Bc3 28. Rac1 Bd4 29. Nd6+ Nxd6 30. cxd6 Kd7 31. Rfd1 c5 32. Rb1 b5 33. a4 Rb8
34. axb5 axb5 35. Kf1 Kxd6 36. f3 Kd5 37. Re1 Rb7 38. Re8 b4 39. Ke2 Ra7 40.
Rd8+ Kc4 41. Rc1+ Kb3 42. Rxd4 cxd4 43. Kd3 Rd7 44. Rb1+ Ka3 45. Ra1+ Kb2 46.
Ra6 b3 47. Rb6 Ka2 48. Rb8 b2 49. Ra8+ Kb1 50. Rb8 Rc7 0-1

[Event "Delmenhorster SK-Schachzwerge Magd."]
[Site "?"]
[Date "2020.09.12"]
[Round "6.4"]
[White "Wander, Dennis"]
[Black "Heutling, Elina"]
[Result "0-1"]
[WhiteElo "1529"]
[BlackElo "1904"]
[PlyCount "48"]
[EventDate "2020.??.??"]
[WhiteTeam "Delmenhorster SK"]
[BlackTeam "Schachzwerge Magd."]

1. e4 c5 2. d4 cxd4 3. c3 dxc3 4. Nxc3 d6 5. Bc4 Nc6 6. Nf3 Nf6 7. e5 dxe5 8.
Bxf7+ Kxf7 9. Nxe5+ Ke8 10. Qxd8+ Nxd8 11. Nb5 Nd5 12. O-O a6 13. Nd4 g6 14.
Bg5 Ne6 15. Ndf3 Nxg5 16. Nxg5 Bg7 17. Nef7 Rf8 18. Rad1 e6 19. Rfe1 Rxf7 20.
Rxd5 Rf5 21. Nxe6 Bxe6 22. Rxe6+ Kf7 23. Rdd6 Bf8 24. Rb6 Bc5 0-1

[Event "Schvgg Blankenese-Hamburger SK"]
[Site "?"]
[Date "2020.09.12"]
[Round "6.1"]
[White "Kotyk, Michael"]
[Black "von Rosen, Jakob"]
[Result "1-0"]
[WhiteElo "1993"]
[BlackElo "1827"]
[PlyCount "73"]
[EventDate "2020.??.??"]
[WhiteTeam "Hamburger SK"]
[BlackTeam "Schvgg Blankenese"]

1. Nf3 c5 2. b3 g6 3. Bb2 Nf6 4. Bxf6 exf6 5. c4 Bg7 6. Nc3 Nc6 7. g3 O-O 8.
Bg2 Re8 9. O-O Rb8 10. e3 f5 11. d4 a6 12. Rc1 d6 13. Nd5 Be6 14. Nf4 cxd4 15.
Nxd4 Ne5 16. Qd2 Qd7 17. Rfd1 Bf8 18. Qb2 Bg7 19. Qa3 Rbd8 20. c5 dxc5 21. Qxc5
g5 22. Nfxe6 fxe6 23. Qb6 Re7 24. Bxb7 Ng4 25. Bf3 Ne5 26. Be2 Qe8 27. Bh5 Ng6
28. Nxf5 Red7 29. Rxd7 Rxd7 30. Nxg7 Kxg7 31. Rc7 Kh6 32. Rxd7 Qxd7 33. Bxg6
Kxg6 34. Qxa6 h5 35. Qc4 h4 36. Qe4+ Kg7 37. Qd4+ 1-0

[Event "Schvgg Blankenese-Hamburger SK"]
[Site "?"]
[Date "2020.09.12"]
[Round "6.2"]
[White "Burgtorf, Benjamin"]
[Black "Klaas, Heiko"]
[Result "1/2-1/2"]
[WhiteElo "1821"]
[BlackElo "1950"]
[PlyCount "52"]
[EventDate "2020.??.??"]
[WhiteTeam "Schvgg Blankenese"]
[BlackTeam "Hamburger SK"]

1. d4 d5 2. c4 e6 3. Nc3 a6 4. Nf3 Nf6 5. cxd5 exd5 6. Bg5 Be6 7. e3 Be7 8. Bd3
Nbd7 9. O-O O-O 10. Qc2 c6 11. a3 h6 12. Bh4 Ne8 13. Bxe7 Qxe7 14. b4 Nd6 15.
Nd2 b5 16. Rfc1 Nb6 17. Nb3 Nbc4 18. a4 Qf6 19. axb5 axb5 20. Nc5 Bf5 21. Bxf5
Qxf5 22. Qxf5 Nxf5 23. Ne2 Nfd6 24. Nf4 Ne4 25. Nfd3 Rfe8 26. g3 Ncd2 1/2-1/2

[Event "Schvgg Blankenese-Hamburger SK"]
[Site "?"]
[Date "2020.09.12"]
[Round "6.3"]
[White "Mandelkow, Elias"]
[Black "Sell, Eero"]
[Result "1-0"]
[WhiteElo "1845"]
[BlackElo "1744"]
[PlyCount "93"]
[EventDate "2020.??.??"]
[WhiteTeam "Hamburger SK"]
[BlackTeam "Schvgg Blankenese"]

1. d4 d5 2. c4 c6 3. Nf3 Nf6 4. Nc3 e6 5. Bg5 h6 6. Bh4 dxc4 7. a4 Bb4 8. e4 g5
9. Nxg5 hxg5 10. Bxg5 Be7 11. Bxc4 Nxe4 12. Bxe7 Nxc3 13. Bxd8 Nxd1 14. Bf6 Rh6
15. Bg5 Rg6 16. Bc1 Rxg2 17. Kxd1 Rxf2 18. Ra3 Nd7 19. Rg3 Nf6 20. Bd3 Nh5 21.
Rg8+ Kd7 22. Ke1 Rf3 23. Be2 Rf5 24. Rg5 Nf6 25. h4 Ke7 26. Bd3 Nh7 27. Rg7 Rd5
28. Bxh7 Rxd4 29. Bc2 b5 30. Bg5+ Kd6 31. h5 Ba6 32. h6 bxa4 33. h7 Rh8 34. Rg8
Rxh7 35. Rxh7 Rb4 36. Rd8+ Ke5 37. Rxf7 Rg4 38. Be3 Bc4 39. Rxa7 Bb5 40. Rda8
Rh4 41. Bxa4 Rh1+ 42. Kd2 Rh2+ 43. Kc3 Rh3 44. Bxb5 cxb5 45. Kd3 Rh2 46. Ra5
Kd6 47. Bf4+ 1-0

[Event "Schvgg Blankenese-Hamburger SK"]
[Site "?"]
[Date "2020.09.12"]
[Round "6.4"]
[White "Tao, Alexander"]
[Black "Reyes-Mantilla, Andrés Mauricio"]
[Result "0-1"]
[WhiteElo "1587"]
[BlackElo "1461"]
[PlyCount "68"]
[EventDate "2020.??.??"]
[WhiteTeam "Schvgg Blankenese"]
[BlackTeam "Hamburger SK"]

1. e4 c5 2. Be2 Nc6 3. d3 d5 4. f4 e6 5. Nf3 Bd6 6. O-O Nge7 7. c3 f6 8. Na3 a6
9. Nc2 O-O 10. Qe1 Qc7 11. g3 b5 12. Nh4 Bb7 13. f5 dxe4 14. dxe4 exf5 15. Nxf5
Nxf5 16. exf5 Rfe8 17. Qf2 Ne5 18. Re1 Qc6 19. Kf1 Nc4 20. b3 Nb6 21. Bb2 Re5
22. Bg4 Rae8 23. Rxe5 Bxe5 24. a3 Qd5 25. Bh3 Qh1+ 26. Qg1 Qf3+ 27. Qf2 Qd3+
28. Kg1 Bxc3 29. Bxc3 Qxc3 30. b4 Nc4 31. bxc5 Nd2 32. Rc1 Nf3+ 33. Kf1 Qd3+
34. Kg2 Ng5+ 0-1

[Event "Greifswalder SV-SV Empor Berlin"]
[Site "?"]
[Date "2020.09.12"]
[Round "6.1"]
[White "Sulayev, Daniel"]
[Black "Fromm, Marius"]
[Result "0-1"]
[WhiteElo "2185"]
[BlackElo "2181"]
[PlyCount "116"]
[EventDate "2020.??.??"]
[WhiteTeam "SV Empor Berlin"]
[BlackTeam "Greifswalder SV"]

1. c4 c5 2. Nf3 Nc6 3. Nc3 Nf6 4. e3 e6 5. d4 d5 6. cxd5 Nxd5 7. Bd3 Be7 8. O-O
O-O 9. Qe2 Nxc3 10. bxc3 b6 11. Bb2 Bb7 12. Rfd1 Qc7 13. e4 Bf6 14. Rac1 Rfd8
15. e5 Be7 16. Qe4 g6 17. Qg4 cxd4 18. cxd4 Qd7 19. a3 Na5 20. h4 Rac8 21. Rxc8
Rxc8 22. h5 Nc4 23. Bc1 Bxf3 24. Qxf3 b5 25. hxg6 hxg6 26. Be4 Nb6 27. Qg4 Kg7
28. d5 exd5 29. Qf4 Qe6 30. Bf3 Rc4 31. Qh6+ Kg8 32. Be2 Rh4 33. Qe3 Re4 34.
Qf3 Qxe5 35. Bxb5 Re1+ 36. Bf1 Rxd1 37. Qxd1 Bd6 38. g3 Bc5 39. Qb3 Qe1 40. Be3
Bxe3 41. Qxe3 Qxe3 42. fxe3 Kg7 43. Kf2 Kf6 44. Bb5 Nc8 45. Kf3 Ke5 46. Bd3 Nd6
47. a4 a5 48. g4 g5 49. Bb1 f6 50. Ke2 Ne4 51. Bc2 Kd6 52. Kd3 Nf2+ 53. Kd4
Nxg4 54. Bb3 f5 55. Bc2 f4 56. exf4 gxf4 57. Bb3 Ne3 58. Ba2 Nf5+ 0-1

[Event "Greifswalder SV-SV Empor Berlin"]
[Site "?"]
[Date "2020.09.12"]
[Round "6.2"]
[White "Troyke, Jannis"]
[Black "Breitzmann, Sander"]
[Result "1-0"]
[WhiteElo "1995"]
[BlackElo "1888"]
[PlyCount "41"]
[EventDate "2020.??.??"]
[WhiteTeam "Greifswalder SV"]
[BlackTeam "SV Empor Berlin"]

1. e4 e5 2. Nf3 Nc6 3. Bb5 a6 4. Ba4 Nf6 5. O-O Nxe4 6. d4 b5 7. Bb3 d5 8. dxe5
Be6 9. Qe2 Be7 10. Rd1 Nc5 11. Bxd5 Bxd5 12. Nc3 Nb4 13. Ne1 Qd7 14. a3 Bc4 15.
Rxd7 Bxe2 16. Rxe7+ Kxe7 17. axb4 Rhd8 18. Nxe2 Ne6 19. Be3 Rd5 20. Nd3 a5 21.
Nc3 1-0

[Event "Greifswalder SV-SV Empor Berlin"]
[Site "?"]
[Date "2020.09.12"]
[Round "6.3"]
[White "Mankel, Luca"]
[Black "Kallweit, Paul"]
[Result "0-1"]
[WhiteElo "1926"]
[BlackElo "1965"]
[PlyCount "130"]
[EventDate "2020.??.??"]
[WhiteTeam "SV Empor Berlin"]
[BlackTeam "Greifswalder SV"]

1. e4 c5 2. Nc3 e6 3. Nge2 Nc6 4. g3 Nf6 5. Bg2 Be7 6. O-O O-O 7. d4 cxd4 8.
Nxd4 d6 9. Nxc6 bxc6 10. e5 Nd5 11. exd6 Bxd6 12. Ne4 Ba6 13. Re1 Be7 14. b3 f5
15. c4 fxe4 16. Qg4 Bc8 17. Qxe4 Bc5 18. Rf1 Qf6 19. Bd2 Ne7 20. Be3 Bd6 21.
Rad1 e5 22. Qd3 Bc7 23. Bc5 Bf5 24. Qe3 Rfe8 25. Rd2 a6 26. Rfd1 Rad8 27. Bxe7
Qxe7 28. Bxc6 Rxd2 29. Rxd2 Rd8 30. Bd5+ Kh8 31. Re2 Qf6 32. Kg2 h6 33. Qa7 Bb8
34. Qb7 Qd6 35. Rd2 Bc8 36. Qf7 Rf8 37. Qh5 Ba7 38. Re2 Bd4 39. f3 a5 40. g4
Qf6 41. Be4 Bd7 42. h4 Be8 43. Qf5 Qxf5 44. Bxf5 g6 45. Be4 Bf7 46. Kf1 Kg7 47.
Rc2 Rc8 48. Ke2 Kf6 49. Kd3 g5 50. h5 Ke7 51. Bf5 Rc7 52. Be4 Kd6 53. Rd2 Rc8
54. Bf5 Rb8 55. Ke4 a4 56. Rd3 Kc5 57. Bg6 Bg8 58. f4 gxf4 59. g5 hxg5 60. h6
Rb7 61. Kf5 Bh7 62. Kxg5 Bxg6 63. Kxg6 e4 64. Rd1 f3 65. h7 Rxh7 0-1

[Event "Greifswalder SV-SV Empor Berlin"]
[Site "?"]
[Date "2020.09.12"]
[Round "6.4"]
[White "Khanbekyan, Areg"]
[Black "Ellert, Oliver"]
[Result "1-0"]
[WhiteElo "1749"]
[BlackElo "1764"]
[PlyCount "95"]
[EventDate "2020.??.??"]
[WhiteTeam "Greifswalder SV"]
[BlackTeam "SV Empor Berlin"]

1. e4 c6 2. d4 d5 3. exd5 cxd5 4. Bd3 Nf6 5. c3 Nc6 6. Bf4 Bg4 7. Qb3 Qd7 8.
Nd2 e6 9. Ngf3 a6 10. O-O Be7 11. Rfe1 O-O 12. Qc2 Rac8 13. Ne5 Qd8 14. Nxg4
Nxg4 15. Bxh7+ Kh8 16. Qd1 Kxh7 17. Qxg4 Rh8 18. Nf3 Bd6 19. Ne5 Bxe5 20. dxe5
Ne7 21. Bg5 Rc4 22. Qf3 Qe8 23. Rad1 Ng6 24. Rd4 b5 25. h4 Kg8 26. h5 Ne7 27.
h6 gxh6 28. Bf6 Rh7 29. Qg4+ Ng6 30. Re3 h5 31. Qg5 Qf8 32. b3 Rc8 33. Red3 Qh6
34. Qxh6 Rxh6 35. c4 bxc4 36. bxc4 Rxc4 37. Rxc4 dxc4 38. Rd8+ Kh7 39. Bg5 Nxe5
40. Bxh6 Kxh6 41. Kf1 Kg6 42. Ke2 Kf5 43. Ra8 Ke4 44. Rxa6 Kd4 45. Kd2 c3+ 46.
Kc2 Nc4 47. Ra4 e5 48. Kb3 1-0

[Event "1. SC Anhalt-Mattnetz Berlin"]
[Site "?"]
[Date "2020.09.12"]
[Round "6.1"]
[White "Bui, Bao Anh Le"]
[Black "Fathke, Luke"]
[Result "1-0"]
[WhiteElo "2053"]
[BlackElo "1643"]
[PlyCount "69"]
[EventDate "2020.??.??"]
[WhiteTeam "Mattnetz Berlin"]
[BlackTeam "1. SC Anhalt"]

1. e4 c6 2. d4 d5 3. Nc3 dxe4 4. Nxe4 Bf5 5. Ng3 Bg6 6. f4 e6 7. Nf3 Nd7 8. Bc4
Ngf6 9. O-O Be7 10. f5 exf5 11. Nh4 Nb6 12. Bb3 Nfd5 13. Nhxf5 O-O 14. c4 Nc7
15. Kh1 Bf6 16. Qg4 Ne6 17. Be3 Qd7 18. Rad1 Rad8 19. h4 Kh8 20. a4 Nc8 21. d5
cxd5 22. cxd5 Nc7 23. d6 Ne8 24. Qf4 Bxb2 25. h5 Bxf5 26. Nxf5 f6 27. Nh4 g5
28. hxg6 Be5 29. Qxe5 fxe5 30. Rxf8+ Kg7 31. Rf7+ Qxf7 32. gxf7 Nexd6 33. Nf5+
Kf6 34. Nxd6 Nxd6 35. Rxd6+ 1-0

[Event "1. SC Anhalt-Mattnetz Berlin"]
[Site "?"]
[Date "2020.09.12"]
[Round "6.2"]
[White "Böhm, Florian"]
[Black "Schnabel, Luise"]
[Result "0-1"]
[WhiteElo "1627"]
[BlackElo "1932"]
[PlyCount "46"]
[EventDate "2020.??.??"]
[WhiteTeam "1. SC Anhalt"]
[BlackTeam "Mattnetz Berlin"]

1. e4 Nf6 2. e5 Nd5 3. c4 Nb6 4. d4 d6 5. exd6 cxd6 6. Nc3 g6 7. h3 Bg7 8. Nf3
O-O 9. Be3 Nc6 10. Be2 e5 11. O-O exd4 12. Nxd4 Be6 13. Nxe6 fxe6 14. Bxb6 axb6
15. Bg4 Qe7 16. Re1 Ne5 17. Rb1 Rad8 18. Qb3 Nxg4 19. hxg4 Bd4 20. Re2 Qh4 21.
g3 Qxg3+ 22. Kh1 Qf3+ 23. Kh2 Bxc3 0-1

[Event "1. SC Anhalt-Mattnetz Berlin"]
[Site "?"]
[Date "2020.09.12"]
[Round "6.3"]
[White "Ho, Ngoc Hai-Dang"]
[Black "Lautenschläger, Friedrich"]
[Result "1-0"]
[WhiteElo "1855"]
[BlackElo "1552"]
[PlyCount "49"]
[EventDate "2020.??.??"]
[WhiteTeam "Mattnetz Berlin"]
[BlackTeam "1. SC Anhalt"]

1. e4 e5 2. Nf3 Nc6 3. Bc4 Bc5 4. c3 Nf6 5. d3 O-O 6. O-O d6 7. h3 Be6 8. Bb3
Ne7 9. Re1 Ng6 10. Be3 Bb6 11. Nbd2 Nf4 12. Bxf4 exf4 13. Bc2 h6 14. d4 Nh7 15.
Qe2 Ng5 16. e5 dxe5 17. Nxe5 Re8 18. h4 Nh7 19. Bxh7+ Kxh7 20. Qe4+ Kg8 21.
Qxf4 Qd6 22. Ne4 Qd5 23. Re3 Kf8 24. Rg3 Qd6 25. Nxd6 1-0

[Event "1. SC Anhalt-Mattnetz Berlin"]
[Site "?"]
[Date "2020.09.12"]
[Round "6.4"]
[White "Kopvillem, Mikhail"]
[Black "Franz, Franz Theodor"]
[Result "1-0"]
[WhiteElo "1516"]
[BlackElo "1587"]
[PlyCount "71"]
[EventDate "2020.??.??"]
[WhiteTeam "1. SC Anhalt"]
[BlackTeam "Mattnetz Berlin"]

1. b4 d6 2. Bb2 Nd7 3. e4 Ngf6 4. d3 c5 5. b5 Qa5+ 6. Nc3 d5 7. exd5 Nxd5 8.
Nge2 Nxc3 9. Nxc3 g6 10. Qd2 Bg7 11. a4 Nf6 12. Ne4 Qxd2+ 13. Nxd2 O-O 14. Be2
a6 15. O-O Bd7 16. c4 b6 17. Bf3 Ra7 18. Rfe1 Bf5 19. d4 Rd7 20. Bc6 Rd6 21. d5
e6 22. Be5 Rdd8 23. Bc7 exd5 24. Bxd8 Rxd8 25. bxa6 Bd7 26. cxd5 Bxc6 27. dxc6
Nd5 28. Rab1 Nc7 29. Rxb6 Bc3 30. a7 Rxd2 31. Rb8+ Kg7 32. a8=Q Nxa8 33. Rxa8
Be5 34. g3 Bd4 35. c7 Rxf2 36. Kh1 1-0

[Event "Weisse Dame HH-Lübecker SV"]
[Site "?"]
[Date "2020.09.12"]
[Round "6.1"]
[White "Bornholdt, Joa Max"]
[Black "Popist, Florian"]
[Result "0-1"]
[WhiteElo "1914"]
[BlackElo "2017"]
[PlyCount "72"]
[EventDate "2020.??.??"]
[WhiteTeam "Lübecker SV"]
[BlackTeam "Weisse Dame HH"]

1. e4 c5 2. Nf3 Nc6 3. d4 cxd4 4. Nxd4 g6 5. Nc3 Bg7 6. Be3 Nf6 7. f4 d6 8. Be2
O-O 9. Nb3 a6 10. Bf3 Qc7 11. g4 b5 12. g5 Nd7 13. Kf2 Nb6 14. Nd5 Nxd5 15.
exd5 Na5 16. Nxa5 Qxa5 17. Bd4 Qb4 18. Bxg7 Kxg7 19. Qc1 Bb7 20. c3 Qc5+ 21.
Qe3 Rac8 22. Rhd1 b4 23. Rac1 Qxe3+ 24. Kxe3 bxc3 25. Rxc3 Rxc3+ 26. bxc3 Rc8
27. Kd4 Rc5 28. Rb1 Bc8 29. Rb8 Bf5 30. Be2 Ra5 31. Bc4 Bh3 32. Ra8 Ra4 33. Rb8
a5 34. Rb1 e6 35. f5 Bxf5 36. Rb5 e5+ 0-1

[Event "Weisse Dame HH-Lübecker SV"]
[Site "?"]
[Date "2020.09.12"]
[Round "6.2"]
[White "Türk, Janusch"]
[Black "Sickmann, Lisa"]
[Result "1/2-1/2"]
[WhiteElo "1536"]
[BlackElo "1603"]
[PlyCount "68"]
[EventDate "2020.??.??"]
[WhiteTeam "Weisse Dame HH"]
[BlackTeam "Lübecker SV"]

1. e4 e5 2. Nf3 Nc6 3. Bc4 Bc5 4. c3 Nf6 5. d3 a6 6. O-O O-O 7. Nbd2 Ba7 8. h3
h6 9. Re1 Re8 10. Nf1 d5 11. exd5 Nxd5 12. Ng3 b5 13. Bb3 Bb7 14. d4 Nf4 15.
Nxe5 Nd5 16. Bd2 Nxe5 17. Rxe5 Rxe5 18. dxe5 Qe7 19. Qe2 Re8 20. Re1 Bc5 21.
Ne4 Bb6 22. Qg4 Kh8 23. Ng3 Qe6 24. Bc2 Qxg4 25. hxg4 c5 26. Nf5 Bc7 27. Nd6
Bxd6 28. exd6 Rd8 29. b3 c4 30. d7 Nf6 31. Re7 Rxd7 32. Rxd7 Nxd7 33. Bf5 Nc5
34. b4 Ne4 1/2-1/2

[Event "Weisse Dame HH-Lübecker SV"]
[Site "?"]
[Date "2020.09.12"]
[Round "6.3"]
[White "Poetzsch-Heffter, Frieder"]
[Black "Worthmann González, Luka"]
[Result "1/2-1/2"]
[WhiteElo "1501"]
[BlackElo "1173"]
[PlyCount "89"]
[EventDate "2020.??.??"]
[WhiteTeam "Lübecker SV"]
[BlackTeam "Weisse Dame HH"]

1. e4 e5 2. Nf3 Nc6 3. Bc4 Bc5 4. d3 Nf6 5. Nc3 d6 6. Be3 Bb6 7. Qd2 Be6 8. Bb3
O-O 9. Ne2 Ne7 10. Bg5 Ng6 11. Ng3 h6 12. Be3 c6 13. Nf5 Ba5 14. c3 Qd7 15.
N3h4 Nxh4 16. Nxh4 Ng4 17. f3 Nxe3 18. Qxe3 Bb6 19. Qd2 d5 20. Rf1 Rad8 21. h3
dxe4 22. Bxe6 fxe6 23. fxe4 Rxf1+ 24. Kxf1 Qxd3+ 25. Qe2 Rf8+ 26. Nf3 Qxe2+ 27.
Kxe2 Bc7 28. Rd1 Rf7 29. Nd2 Rd7 30. Nb3 Rxd1 31. Kxd1 b6 32. Ke2 Kf7 33. Kf3
g6 34. g3 Ke7 35. Nd2 Bd6 36. Nc4 Bc7 37. b3 Kf7 38. Ke3 Ke7 39. Nb2 Kd6 40.
Nd3 Bd8 41. c4 c5 42. a3 a6 43. b4 Be7 44. a4 a5 45. b5 1/2-1/2

[Event "Weisse Dame HH-Lübecker SV"]
[Site "?"]
[Date "2020.09.12"]
[Round "6.4"]
[White "Yakhnin, Georgy"]
[Black "Monakhov, Boris"]
[Result "1-0"]
[WhiteElo "1036"]
[BlackElo "1359"]
[PlyCount "81"]
[EventDate "2020.??.??"]
[WhiteTeam "Weisse Dame HH"]
[BlackTeam "Lübecker SV"]

1. e4 c5 2. Nf3 e6 3. d4 cxd4 4. Nxd4 g6 5. c4 Bg7 6. Nb5 Be5 7. Nd6+ Bxd6 8.
Qxd6 Nc6 9. Bd3 Qe7 10. Qxe7+ Ngxe7 11. Bh6 Nb4 12. Kd2 Nxd3 13. Kxd3 d5 14.
cxd5 exd5 15. Nc3 dxe4+ 16. Nxe4 Bf5 17. Rhe1 O-O-O+ 18. Kc3 Rd7 19. Nd6+ Kb8
20. Red1 Rc7+ 21. Kb4 Nc6+ 22. Ka3 Rd8 23. Bf4 Ka8 24. Nb5 Rcd7 25. Nc7+ Rxc7
26. Bxc7 Rxd1 27. Rxd1 b5 28. b4 Kb7 29. Bd6 a5 30. Rc1 a4 31. Kb2 Be6 32. a3
Bc4 33. g3 Kc8 34. Rd1 Kd7 35. Bc5+ Kc7 36. f4 h5 37. Rg1 f5 38. h3 Nb8 39. g4
Be2 40. gxf5 gxf5 41. Rg5 1-0

[Event "Königsspringer SC 1984-Turm Lüneburg"]
[Site "?"]
[Date "2020.09.12"]
[Round "6.1"]
[White "Wusterack, Paul"]
[Black "Summers, Jan"]
[Result "1-0"]
[WhiteElo "1599"]
[BlackElo "1664"]
[PlyCount "78"]
[EventDate "2020.??.??"]
[WhiteTeam "Turm Lüneburg"]
[BlackTeam "Königsspringer SC 1984"]

1. e4 c5 2. Nf3 Nc6 3. c3 d5 4. exd5 Qxd5 5. d4 Bg4 6. Nbd2 e6 7. Bc4 Qd8 8. h3
Bh5 9. g4 Bg6 10. Qa4 a6 11. Ne5 Nge7 12. dxc5 Qa5 13. Qxa5 Nxa5 14. b4 Nxc4
15. Ndxc4 Nd5 16. Bd2 Be7 17. O-O-O O-O 18. h4 f6 19. Nxg6 hxg6 20. h5 g5 21.
Rhe1 Kf7 22. Na5 b6 23. cxb6 Nxb6 24. Kb2 Rfc8 25. Kb3 Nd5 26. c4 Nf4 27. Bxf4
gxf4 28. Rd7 Rd8 29. Red1 Ke8 30. Rxe7+ Kxe7 31. Nc6+ Ke8 32. Rxd8+ Rxd8 33.
Nxd8 Kxd8 34. b5 axb5 35. cxb5 e5 36. Kc3 Kc7 37. Kd3 Kb6 38. a4 Ka5 39. Ke4
Kb6 1-0

[Event "Königsspringer SC 1984-Turm Lüneburg"]
[Site "?"]
[Date "2020.09.12"]
[Round "6.2"]
[White "Kipke, Mark"]
[Black "Rick, Niklas Corvin"]
[Result "1-0"]
[WhiteElo "1674"]
[BlackElo "1521"]
[PlyCount "45"]
[EventDate "2020.??.??"]
[WhiteTeam "Königsspringer SC 1984"]
[BlackTeam "Turm Lüneburg"]

1. e4 c5 2. Nf3 d6 3. d4 cxd4 4. Nxd4 Nf6 5. Nc3 a6 6. Qf3 e5 7. Nf5 Bxf5 8.
Qxf5 Nc6 9. Be3 Rc8 10. Bc4 Ne7 11. Bxf7+ Kxf7 12. Qf3 g6 13. g4 h6 14. O-O-O
b5 15. h4 Kg7 16. Bxh6+ Kxh6 17. Qxf6 Bg7 18. g5+ Kh7 19. Qe6 Nc6 20. h5 Qxg5+
21. Kb1 gxh5 22. Qf7 Kh6 23. Rxd6+ 1-0

[Event "Königsspringer SC 1984-Turm Lüneburg"]
[Site "?"]
[Date "2020.09.12"]
[Round "6.3"]
[White "Ziller, Anton"]
[Black "Busch, Jannis"]
[Result "1/2-1/2"]
[WhiteElo "1542"]
[BlackElo "1611"]
[PlyCount "37"]
[EventDate "2020.??.??"]
[WhiteTeam "Turm Lüneburg"]
[BlackTeam "Königsspringer SC 1984"]

1. c4 e5 2. g3 Bc5 3. Bg2 Nc6 4. Nc3 d6 5. e4 Be6 6. d3 Qd7 7. Nge2 Bh3 8. O-O
h5 9. Be3 h4 10. Bxc5 dxc5 11. Nd5 Bxg2 12. Kxg2 hxg3 13. fxg3 Qh3+ 14. Kf2
Qxh2+ 15. Ke1 Rc8 16. Rf2 Qh3 17. Kd2 Nge7 18. Qa4 f6 19. Qb5 1/2-1/2

[Event "Königsspringer SC 1984-Turm Lüneburg"]
[Site "?"]
[Date "2020.09.12"]
[Round "6.4"]
[White "Peters, Malte"]
[Black "Hahn, Sebastian"]
[Result "1-0"]
[WhiteElo "1387"]
[BlackElo "1180"]
[PlyCount "55"]
[EventDate "2020.??.??"]
[WhiteTeam "Königsspringer SC 1984"]
[BlackTeam "Turm Lüneburg"]

1. e4 c5 2. c3 d6 3. d4 cxd4 4. cxd4 Nf6 5. Nc3 a6 6. Nf3 e6 7. Bd3 Nc6 8. a3
Bd7 9. O-O Be7 10. Qe2 O-O 11. e5 Nd5 12. Qe4 f5 13. Qe2 Nxc3 14. bxc3 d5 15.
c4 dxc4 16. Bxc4 b5 17. Ba2 Kh8 18. d5 exd5 19. Bxd5 Bc5 20. Ng5 Qe7 21. Qh5 g6
22. Qh4 Rae8 23. Bb2 Bd4 24. Bxc6 Bxb2 25. Bxd7 Qxd7 26. Rad1 Qa7 27. e6 Bxa3
28. Rd7 1-0

[Event "SG Jasmund-SK Nordhorn-Blanke"]
[Site "?"]
[Date "2020.09.12"]
[Round "6.1"]
[White "Brunner, Sophia"]
[Black "Johlke, Lukas"]
[Result "1-0"]
[WhiteElo "1859"]
[BlackElo "1732"]
[PlyCount "73"]
[EventDate "2020.??.??"]
[WhiteTeam "SK Nordhorn-Blanke"]
[BlackTeam "SG Jasmund"]

1. d4 d5 2. Nf3 Bf5 3. g3 e6 4. Bg2 Nf6 5. O-O c5 6. Nh4 Be4 7. f3 Bg6 8. Nxg6
hxg6 9. e3 Nc6 10. b3 Rc8 11. Bb2 cxd4 12. exd4 Bd6 13. f4 Qc7 14. Re1 O-O 15.
c3 b5 16. Nd2 Qb6 17. b4 Nd7 18. Kh1 Qd8 19. h4 Re8 20. Qe2 a6 21. a4 Rb8 22.
axb5 axb5 23. Ra6 Qc7 24. Rea1 Bf8 25. Bf1 Nf6 26. Qf3 Rb7 27. Bd3 Reb8 28. Qe2
Qc8 29. Kg2 Be7 30. Nb3 Nh5 31. Kh2 Qc7 32. Bc1 Nf6 33. Bxg6 fxg6 34. Qxe6+ Kh7
35. Rxc6 Qd8 36. f5 Ng4+ 37. Kg2 1-0

[Event "SG Jasmund-SK Nordhorn-Blanke"]
[Site "?"]
[Date "2020.09.12"]
[Round "6.2"]
[White "Johlke, Lorenz"]
[Black "ter Stal, Lars"]
[Result "1-0"]
[WhiteElo "1643"]
[BlackElo "1798"]
[PlyCount "63"]
[EventDate "2020.??.??"]
[WhiteTeam "SG Jasmund"]
[BlackTeam "SK Nordhorn-Blanke"]

1. e4 e6 2. d4 d5 3. e5 c5 4. c3 Nc6 5. Nf3 Qb6 6. a3 c4 7. Nbd2 Bd7 8. b3 cxb3
9. Nxb3 f6 10. Bf4 fxe5 11. Nxe5 Nf6 12. Bd3 Be7 13. Nxd7 Kxd7 14. Rb1 Qd8 15.
Nc5+ Bxc5 16. Rxb7+ Ke8 17. Qa4 Rc8 18. dxc5 Qa5 19. Qxa5 Nxa5 20. Rxa7 Nc6 21.
Rxg7 Rg8 22. Rxg8+ Nxg8 23. Bxh7 Nf6 24. Bc2 Na5 25. O-O Rxc5 26. Be5 Nd7 27.
Bd4 Rc4 28. Bd3 Ra4 29. Ra1 Nb3 30. Bc2 Nxd4 31. Bxa4 Ne2+ 32. Kf1 1-0